Development Beyond Neoliberalism: (Record no. 2336)

MARC details
000 -LEADER
fixed length control field 00627nam a22002057a 4500
003 - CONTROL NUMBER IDENTIFIER
control field OSt
005 - DATE AND TIME OF LATEST TRANSACTION
control field 20151014184832.0
008 - FIXED-LENGTH DATA ELEMENTS--GENERAL INFORMATION
fixed length control field 151014b xxu||||| |||| 00| 0 eng d
020 ## - INTERNATIONAL STANDARD BOOK NUMBER
International Standard Book Number 0415319609
040 ## - CATALOGING SOURCE
Transcribing agency DDC
082 ## - DEWEY DECIMAL CLASSIFICATION NUMBER
Classification number 338.9 CRA 2006
100 ## - MAIN ENTRY--PERSONAL NAME
Personal name Craig, David; Porter, Doug
9 (RLIN) 5868
245 ## - TITLE STATEMENT
Title Development Beyond Neoliberalism:
Remainder of title governance, poverty reduction and political econonmy
260 ## - PUBLICATION, DISTRIBUTION, ETC. (IMPRINT)
Place of publication, distribution, etc. London;
Name of publisher, distributor, etc. Routledge,
Date of publication, distribution, etc. 2006
300 ## - PHYSICAL DESCRIPTION
Extent xii,340p;
Other physical details ill:
Dimensions 24cm
504 ## - BIBLIOGRAPHY, ETC. NOTE
Bibliography, etc Notes, bibliographies, & index included
650 ## - SUBJECT ADDED ENTRY--TOPICAL TERM
Topical term or geographic name as entry element Economic development
9 (RLIN) 521
650 ## - SUBJECT ADDED ENTRY--TOPICAL TERM
Topical term or geographic name as entry element Poverty reduction
9 (RLIN) 5869
942 ## - ADDED ENTRY ELEMENTS (KOHA)
Source of classification or shelving scheme Other/Generic Classification Scheme
Koha item type Open Shelf
Holdings
Withdrawn status Lost status Source of classification or shelving scheme Damaged status Not for loan Home library Current library Date acquired Source of acquisition Inventory number Total Checkouts Full call number Barcode Date last seen Koha item type
    Dewey Decimal Classification     MUST Main Library MUST Main Library 14/10/2015   15/38933   338.9 CRA 2006 2015-2344 14/10/2015 Open Shelf
    Dewey Decimal Classification     MUST Main Library MUST Main Library 14/10/2015   15/38932   338.9 CRA 2006 2015-2345 14/10/2015 Open Shelf
    Dewey Decimal Classification     MUST Main Library MUST Main Library 03/10/2016 Purchase 16/39964   338.9 CRA 2006 2016-4579 03/10/2016 Open Shelf
    Dewey Decimal Classification     MUST Main Library MUST Main Library 03/10/2016 Purchase 16/39965   338.9 CRA 2006 2016-4580 03/10/2016 Open Shelf
    Dewey Decimal Classification     MUST Main Library MUST Main Library 03/10/2016 Purchase 16/39966   338.9 CRA 2006 2016-4581 03/10/2016 Open Shelf
    Dewey Decimal Classification     MUST Main Library MUST Main Library 03/10/2016 Purchase 16/39967   338.9 CRA 2006 2016-4582 03/10/2016 Open Shelf
    Dewey Decimal Classification     MUST Main Library MUST Main Library 03/10/2016 Purchase 16/39968   338.9 CRA 2006 2016-4583 03/10/2016 Open Shelf
    Dewey Decimal Classification     MUST Main Library MUST Main Library 03/10/2016 Purchase 16/39969   338.9 CRA 2006 2016-4584 03/10/2016 Open Shelf